Θεωρία τελεστών

Αποθηκεύτηκε σε:
Λεπτομέρειες βιβλιογραφικής εγγραφής
Κύριος συγγραφέας: Υφαντής, Ευάγγελος Κ.
Μορφή: Βιβλίο
Γλώσσα:Greek
Δημοσίευση: Αθήνα : Σταμούλης, c2004.
Θέματα:
Ετικέτες: Προσθήκη ετικέτας
Δεν υπάρχουν, Καταχωρήστε ετικέτα πρώτοι!

MARC

LEADER 00000cam a2200000 a 4500
001 1/109365
008 151116t2004####gr | ||| |||||||gre||
020 |a 9603514845 
040 |a GR-MyUa  |b gre  |c GR-MyUa  |e AACR2 
041 0 |a gre 
082 7 |a 515.724   |2 (23)  
100 1 |a Υφαντής, Ευάγγελος Κ. 
245 1 0 |a Θεωρία τελεστών /   |c Ευάγγελος Κ. Υφαντής.  
260 |a Αθήνα :   |b Σταμούλης,   |c c2004.  
300 |a iii, 303 σ. ;   |c 24 εκ.  
504 |a Βιβλιογραφία: σ. 297-301. Ευρετήριο.  
650 0 |a Operator theory. 
852 |a INST  |b SAMOS  |e 20151116  |h 515.724 ΥΦΑ  |p 005300043075  |q 005300043075  |t BK  |y 0 
852 |a INST  |b SAMOS  |e 20191014  |h 515.724 ΥΦΑ  |p 005300046171  |q 005300046171  |t BK  |y 0 
970 |a Κοσιέρης  |b Χρήστος  |z 16-11-2015